Basic drafting technology (Record no. 35568)

MARC details
000 -LEADER
fixed length control field 00262nam a2200109Ia 4500
082 ## - DEWEY DECIMAL CLASSIFICATION NUMBER
Classification number 744.621.7
Item number HOR
100 ## - MAIN ENTRY--AUTHOR NAME
Personal name Horton
245 #0 - TITLE STATEMENT
Title Basic drafting technology
260 ## - PUBLICATION, DISTRIBUTION, ETC. (IMPRINT)
Place of publication New York
Name of publisher Delmar
Year of publication 1980
942 ## - ADDED ENTRY ELEMENTS (KOHA)
Koha item type Books
Holdings
Withdrawn status Lost status Damaged status Not for loan Home library Current library Date acquired Cost, normal purchase price Full call number Accession Number Koha item type
        RRII Library RRII Library 16/12/2021 18.00 744.621.7 HOR 15991 Books